| 000 | 01779nam a22003137a 4500 | ||
|---|---|---|---|
| 005 | 20110427122110.0 | ||
| 008 | 110427t xxu||||| |||| 00| 0 eng d | ||
| 010 | _aB-425418-421 | ||
| 020 |
_a9780091925673 _c499.00 |
||
| 035 | _aB-425418-421 | ||
| 037 | _bRBC/VEN | ||
| 040 |
_adpl _bEnglish |
||
| 082 | _aN | ||
| 100 |
_aHall, Tarquin. _927494 |
||
| 245 |
_aThe case of the man who died laughing : _bFrom the files of Visb Puri, "Most Private Investigation" / _cby Tarquin Hall. |
||
| 260 |
_aLondon _bHutchinson _c2010 |
||
| 270 |
_aRandom House, 20 Vauxhall Bridge Road _bNew Delhi _e110001 |
||
| 300 |
_a309 p. _b _c23cm(pbk) |
||
| 500 | _aSequel to: The case of the missing servant. | ||
| 546 | _aIncludes verses in Hindi. | ||
| 650 |
_aPrivate investigators |z India |v Fiction. _zIndia. _927497 |
||
| 651 |
_aIndia _xHistory _yBritish occupation, 1765-1947. _927498 |
||
| 942 |
_2ddc _cEN _hN _mHAL |
||
| 999 |
_c51930 _d51930 |
||